000 00769cab a2200241 4500
001 WB3038-46
008 090401t1994 xxu||||| |||| 00| 0 eng d
035 _a(Sirsi) u66778
041 _aeng
245 _aEBRD lending
260 _c1994
350 _a0
490 _aEstates Times
_v(1252) 7 October 1994, 2(1)
520 _aThe European Bank for Reconstruction and Development has made its first loan to the property sector. It is part of a syndicate funding a mixed-use scheme, The Atrium, in Warsaw.
650 _aEBRD
650 _aOFFICE DEVELOPMENT
650 _aPOLAND
650 _aWARSAW
690 _aPROPERTY-COMMERCIAL PROPERTY-COMMERCIAL PROPERTY FINANCE AND INVESTMENT
690 _aOVERSEAS-EUROPE
942 _n0
948 _c04/03/1997
999 _c41722
_d41722